000 00603nam a2200217 a 4500
001 3874129
005 20180119034412.0
008 891109s1991 nyu 001 0 eng
010 _a 89063940
020 _a0312035047
040 _aDLC
_cDLC
_dDLC
041 _aeng
080 _a808.042 SPA
082 0 0 _a808.042 SPA
_220
100 1 _a21
101 _aGJL
245 1 0 _aWriting from sources /
_cBrenda Spatt.
906 _a7
_bcbc
_corignew
_d2
_eopcn
_f19
_gy-gencatlg
942 _2ddc
_cBK
999 _c40525
_d40525